[Event "European Chess Club Cup 2023"]
[Site "Durres, Albania"]
[Date "2023.10.03"]
[Round "3.77"]
[White "Ahlander, Bjorn"]
[Black "Ejsing, Esben"]
[Result "1-0"]
[TimeControl "90' + 30' & 30\""]
[WhiteElo "2400"]
[BlackElo "2106"]

1. d4 {[%clk 01:30:56]} {[%emt 00:00:03]} Nf6 {[%clk 01:30:43]} {[%emt
00:00:17]} 2. Nf3 {[%clk 01:31:09]} {[%emt 00:00:17]} e6 {[%clk 01:29:34]}
{[%emt 00:01:39]} 3. g3 {[%clk 01:31:31]} {[%emt 00:00:08]} b5 {[%clk
01:28:29]} {[%emt 00:01:36]} 4. Bg2 {[%clk 01:31:26]} {[%emt 00:00:34]} Bb7
{[%clk 01:28:08]} {[%emt 00:00:51]} 5. O-O {[%clk 01:31:45]} {[%emt 00:00:11]}
Be7 {[%clk 01:27:41]} {[%emt 00:00:57]} 6. Re1 {[%clk 01:30:46]} {[%emt
00:01:28]} d5 {[%clk 01:26:47]} {[%emt 00:01:25]} 7. Qd3 {[%clk 01:25:18]}
{[%emt 00:05:58]} b4 {[%clk 01:20:37]} {[%emt 00:06:41]} 8. Qb5+ {[%clk
01:22:07]} {[%emt 00:03:40]} Bc6 {[%clk 01:20:54]} {[%emt 00:00:13]} 9. Qa5
{[%clk 01:21:53]} {[%emt 00:00:45]} Bb7 {[%clk 01:12:35]} {[%emt 00:08:48]} 10.
Bd2 {[%clk 01:05:35]} {[%emt 00:16:47]} Nc6 {[%clk 01:06:38]} {[%emt 00:06:28]}
11. Qb5 {[%clk 01:03:24]} {[%emt 00:02:41]} a6 {[%clk 01:06:36]} {[%emt
00:00:32]} 12. Qd3 {[%clk 00:59:43]} {[%emt 00:04:10]} O-O {[%clk 01:04:44]}
{[%emt 00:02:23]} 13. Bf4 {[%clk 00:59:09]} {[%emt 00:01:04]} a5 {[%clk
01:01:12]} {[%emt 00:04:03]} 14. Nbd2 {[%clk 00:55:34]} {[%emt 00:04:04]} Nh5
{[%clk 00:54:46]} {[%emt 00:06:56]} 15. c4 {[%clk 00:51:12]} {[%emt 00:04:52]}
Nxf4 {[%clk 00:48:54]} {[%emt 00:06:23]} 16. gxf4 {[%clk 00:51:10]} {[%emt
00:00:30]} g6 {[%clk 00:46:38]} {[%emt 00:02:47]} 17. Rac1 {[%clk 00:49:44]}
{[%emt 00:01:55]} a4 {[%clk 00:43:45]} {[%emt 00:03:25]} 18. e3 {[%clk
00:37:08]} {[%emt 00:13:06]} Na5 {[%clk 00:40:58]} {[%emt 00:03:16]} 19. Ne5
{[%clk 00:34:53]} {[%emt 00:02:44]} Kg7 {[%clk 00:37:21]} {[%emt 00:04:08]} 20.
Red1 {[%clk 00:31:03]} {[%emt 00:04:20]} f6 {[%clk 00:35:37]} {[%emt 00:02:15]}
21. Nef3 {[%clk 00:28:13]} {[%emt 00:03:18]} c6 {[%clk 00:35:07]} {[%emt
00:01:01]} 22. Qc2 {[%clk 00:25:31]} {[%emt 00:03:12]} h6 {[%clk 00:29:14]}
{[%emt 00:06:23]} 23. cxd5 {[%clk 00:18:53]} {[%emt 00:07:08]} exd5 {[%clk
00:29:20]} {[%emt 00:00:24]} 24. Bh3 {[%clk 00:15:31]} {[%emt 00:03:52]} Bc8
{[%clk 00:26:42]} {[%emt 00:03:09]} 25. Bxc8 {[%clk 00:15:35]} {[%emt
00:00:25]} Qxc8 {[%clk 00:26:28]} {[%emt 00:00:44]} 26. Kh1 {[%clk 00:16:00]}
{[%emt 00:00:05]} Qh3 {[%clk 00:21:37]} {[%emt 00:05:21]} 27. Rg1 {[%clk
00:16:08]} {[%emt 00:00:22]} g5 {[%clk 00:21:17]} {[%emt 00:00:50]} 28. Rg3
{[%clk 00:15:31]} {[%emt 00:01:07]} Qe6 {[%clk 00:19:44]} {[%emt 00:02:04]} 29.
h4 {[%clk 00:13:11]} {[%emt 00:02:50]} b3 {[%clk 00:16:32]} {[%emt 00:03:42]}
30. axb3 {[%clk 00:12:51]} {[%emt 00:00:50]} axb3 {[%clk 00:16:44]} {[%emt
00:00:18]} 31. Qd3 {[%clk 00:11:35]} {[%emt 00:01:45]} Rh8 {[%clk 00:15:42]}
{[%emt 00:01:32]} 32. Kg2 {[%clk 00:11:03]} {[%emt 00:01:02]} Rag8 {[%clk
00:12:06]} {[%emt 00:04:07]} 33. Rh1 {[%clk 00:05:44]} {[%emt 00:05:49]} Nc4
{[%clk 00:08:56]} {[%emt 00:03:40]} 34. Qxb3 {[%clk 00:05:13]} {[%emt
00:00:59]} g4 {[%clk 00:07:40]} {[%emt 00:01:48]} 35. Nxc4 {[%clk 00:04:20]}
{[%emt 00:01:23]} dxc4 {[%clk 00:07:55]} {[%emt 00:00:15]} 36. Qc2 {[%clk
00:04:00]} {[%emt 00:00:49]} h5 {[%clk 00:07:06]} {[%emt 00:01:20]} 37. Rc1
{[%clk 00:03:01]} {[%emt 00:01:28]} Rb8 {[%clk 00:05:44]} {[%emt 00:01:53]} 38.
f5 {[%clk 00:02:15]} {[%emt 00:01:15]} Qf7 {[%clk 00:04:32]} {[%emt 00:01:42]}
39. Nd2 {[%clk 00:01:35]} {[%emt 00:01:11]} Qd5+ {[%clk 00:03:26]} {[%emt
00:01:36]} 40. Kg1 {[%clk 00:01:04]} {[%emt 00:01:00]} Rb5 {[%clk 00:01:45]}
{[%emt 00:02:12]} 41. Nxc4 {[%clk 00:29:52]} {[%emt 00:01:42]} Qxf5 {[%clk
00:27:22]} {[%emt 00:04:53]} 42. e4 {[%clk 00:28:04]} {[%emt 00:02:17]} Qf4
{[%clk 00:26:59]} {[%emt 00:00:53]} 43. Ne3 {[%clk 00:25:11]} {[%emt 00:03:22]}
Rhb8 {[%clk 00:19:51]} {[%emt 00:07:39]} 44. b3 {[%clk 00:24:52]} {[%emt
00:00:49]} Rxb3 {[%clk 00:17:31]} {[%emt 00:02:50]} 45. Nf5+ {[%clk 00:23:10]}
{[%emt 00:02:12]} Kf8 {[%clk 00:17:49]} {[%emt 00:00:13]} 46. Rxb3 {[%clk
00:21:55]} {[%emt 00:01:44]} Rxb3 {[%clk 00:17:56]} {[%emt 00:00:23]} 47. Qxb3
{[%clk 00:16:57]} {[%emt 00:05:29]} Qxc1+ {[%clk 00:18:17]} {[%emt 00:00:08]}
48. Kg2 {[%clk 00:17:23]} {[%emt 00:00:03]} Qf4 {[%clk 00:11:53]} {[%emt
00:06:55]} 49. Qe6 {[%clk 00:17:40]} {[%emt 00:00:13]} Qf3+ {[%clk 00:12:03]}
{[%emt 00:00:21]} 50. Kg1 {[%clk 00:17:41]} {[%emt 00:00:26]} Bd8 {[%clk
00:08:58]} {[%emt 00:03:38]} 51. Qd6+ {[%clk 00:15:12]} {[%emt 00:02:58]} Ke8
{[%clk 00:09:18]} {[%emt 00:00:10]} 52. Qxc6+ {[%clk 00:15:27]} {[%emt
00:00:16]} Kf8 {[%clk 00:09:37]} {[%emt 00:00:11]} 53. Qd7 {[%clk 00:12:01]}
{[%emt 00:03:56]} Qd1+ {[%clk 00:06:16]} {[%emt 00:03:51]} 54. Kh2 {[%clk
00:12:15]} {[%emt 00:00:14]} g3+ {[%clk 00:06:33]} {[%emt 00:00:15]} 55. Kg2
{[%clk 00:11:37]} {[%emt 00:01:05]} 1-0

[Event "European Chess Club Cup 2023"]
[Site "Durres, Albania"]
[Date "2023.10.03"]
[Round "3.78"]
[White "Noer, Martin Stampe"]
[Black "Petersson, Kjell"]
[Result "0-1"]
[TimeControl "90' + 30' & 30\""]
[WhiteElo "1841"]
[BlackElo "2040"]

1. d4 {[%clk 01:30:48]} {[%emt 00:00:12]} f5 {[%clk 01:31:29]} {[%emt
00:00:01]} 2. Bg5 {[%clk 01:30:37]} {[%emt 00:00:40]} h6 {[%clk 01:31:51]}
{[%emt 00:00:09]} 3. Bh4 {[%clk 01:30:51]} {[%emt 00:00:14]} g5 {[%clk
01:32:18]} {[%emt 00:00:04]} 4. e3 {[%clk 01:29:28]} {[%emt 00:01:53]} Bg7
{[%clk 01:32:41]} {[%emt 00:00:08]} 5. Bg3 {[%clk 01:26:09]} {[%emt 00:03:48]}
c5 {[%clk 01:32:47]} {[%emt 00:00:24]} 6. c3 {[%clk 01:19:37]} {[%emt
00:07:02]} d5 {[%clk 01:25:59]} {[%emt 00:07:18]} 7. Nf3 {[%clk 01:14:24]}
{[%emt 00:05:42]} Nc6 {[%clk 01:22:54]} {[%emt 00:03:36]} 8. h4 {[%clk
01:00:56]} {[%emt 00:13:57]} g4 {[%clk 01:21:29]} {[%emt 00:01:56]} 9. Ne5
{[%clk 00:56:53]} {[%emt 00:04:33]} Nxe5 {[%clk 01:21:29]} {[%emt 00:00:31]} 10.
Bxe5 {[%clk 00:56:44]} {[%emt 00:00:38]} Bxe5 {[%clk 01:20:00]} {[%emt
00:01:59]} 11. dxe5 {[%clk 00:57:11]} {[%emt 00:00:03]} e6 {[%clk 01:11:06]}
{[%emt 00:09:25]} 12. f4 {[%clk 00:52:15]} {[%emt 00:05:26]} Qa5 {[%clk
00:58:53]} {[%emt 00:12:43]} 13. Na3 {[%clk 00:46:48]} {[%emt 00:05:55]} a6
{[%clk 00:58:21]} {[%emt 00:01:03]} 14. Be2 {[%clk 00:41:40]} {[%emt 00:05:37]}
h5 {[%clk 00:46:17]} {[%emt 00:12:36]} 15. Qd2 {[%clk 00:36:49]} {[%emt
00:05:20]} Ne7 {[%clk 00:38:51]} {[%emt 00:07:56]} 16. Kf2 {[%clk 00:34:16]}
{[%emt 00:03:02]} Bd7 {[%clk 00:27:04]} {[%emt 00:12:18]} 17. g3 {[%clk
00:32:47]} {[%emt 00:02:00]} Kf7 {[%clk 00:25:30]} {[%emt 00:02:03]} 18. Rhd1
{[%clk 00:30:16]} {[%emt 00:02:59]} Rhd8 {[%clk 00:25:03]} {[%emt 00:00:59]} 19.
Bd3 {[%clk 00:27:14]} {[%emt 00:03:31]} Rac8 {[%clk 00:21:28]} {[%emt
00:04:06]} 20. Rac1 {[%clk 00:21:35]} {[%emt 00:06:08]} Ba4 {[%clk 00:15:45]}
{[%emt 00:06:14]} 21. Bc2 {[%clk 00:20:29]} {[%emt 00:01:36]} Bb5 {[%clk
00:12:08]} {[%emt 00:04:07]} 22. Bd3 {[%clk 00:18:26]} {[%emt 00:02:32]} Bxd3
{[%clk 00:09:44]} {[%emt 00:02:55]} 23. Qxd3 {[%clk 00:18:42]} {[%emt
00:00:14]} Qa4 {[%clk 00:08:52]} {[%emt 00:01:22]} 24. Qc2 {[%clk 00:17:33]}
{[%emt 00:01:37]} Qc6 {[%clk 00:09:00]} {[%emt 00:00:25]} 25. Qe2 {[%clk
00:16:18]} {[%emt 00:01:43]} Qa4 {[%clk 00:08:39]} {[%emt 00:00:53]} 26. Qc2
{[%clk 00:15:57]} {[%emt 00:00:49]} Qe4 {[%clk 00:06:49]} {[%emt 00:02:21]} 27.
Qxe4 {[%clk 00:09:46]} {[%emt 00:06:41]} fxe4 {[%clk 00:07:16]} {[%emt
00:00:04]} 28. Rd2 {[%clk 00:09:29]} {[%emt 00:00:46]} Nf5 {[%clk 00:06:46]}
{[%emt 00:01:00]} 29. Rcd1 {[%clk 00:07:35]} {[%emt 00:02:22]} d4 {[%clk
00:06:24]} {[%emt 00:00:54]} 30. Nc4 {[%clk 00:03:42]} {[%emt 00:04:22]} b5
{[%clk 00:05:24]} {[%emt 00:01:31]} 31. Nd6+ {[%clk 00:03:40]} {[%emt
00:00:32]} Rxd6 {[%clk 00:05:37]} {[%emt 00:00:17]} 32. exd6 {[%clk 00:04:01]}
{[%emt 00:00:08]} dxe3+ {[%clk 00:06:04]} {[%emt 00:00:04]} 33. Ke2 {[%clk
00:04:08]} {[%emt 00:00:23]} exd2 {[%clk 00:06:32]} {[%emt 00:00:02]} 34. Kxd2
{[%clk 00:02:14]} {[%emt 00:02:24]} Rd8 {[%clk 00:06:49]} {[%emt 00:00:13]} 35.
Ke2 {[%clk 00:01:02]} {[%emt 00:01:42]} Rxd6 {[%clk 00:07:16]} {[%emt
00:00:03]} 36. Rxd6 {[%clk 00:00:38]} {[%emt 00:00:54]} Nxd6 {[%clk 00:07:45]}
37. Ke3 {[%clk 00:00:41]} {[%emt 00:00:27]} Kf6 {[%clk 00:08:02]} {[%emt
00:00:13]} 38. b3 {[%clk 00:00:42]} {[%emt 00:00:29]} Nf5+ {[%clk 00:06:46]}
{[%emt 00:01:46]} 39. Kxe4 {[%clk 00:00:48]} {[%emt 00:00:24]} Nxg3+ {[%clk
00:07:12]} {[%emt 00:00:04]} 40. Ke3 {[%clk 00:00:35]} {[%emt 00:00:43]} Nf5+
{[%clk 00:07:32]} {[%emt 00:00:10]} 0-1